[Event "AUTO-INT-3707"]
[Site "http://www.queenalice.com/game.php?id=1771935"]
[Date "2021.10.11"]
[Round "1"]
[White "Dinda54"]
[Black "Danado"]
[Result "1-0"]
[WhiteElo "1776"]
[BlackElo "1513"]

1. e4 e5 2. Nf3 Nc6 3. Bc4 h6 4. c3 Nf6 5. O-O Nxe4 6. Qe2 d5 7. Bb3 Nf6 8. h3
Bd6 9. d3 O-O 10. Nh4 Na5 11. Ba4 Bd7 12. Bc2 Be6 13. Bd2 Nc6 14. d4 e4 15. b3
a6 16. f4 Ne7 17. f5 Bd7 18. c4 Nxf5 19. Nxf5 Bxf5 20. Rxf5 c6 21. c5 Bb8 22. g4
Qc7 23. Bf4 Qd8 24. Be5 Bxe5 25. Rxe5 Qc7 26. b4 Rae8 27. Rf5 Qg3+ 28. Qg2 Qxg2+
29. Kxg2 b5 30. Nd2 Re6 31. Rh1 Rfe8 32. g5 e3 33. Nf3 hxg5 34. Rxg5 g6 35. Ne5
Ne4 36. Bxe4 Kg7 37. Bf3 Kf6 38. h4 Kg7 39. Kf1 Kh6 40. Ke2 Rg8 41. Nxf7+ Kg7
42. Ne5 Rf8 43. Kxe3 Kh6 44. Bg4 Ref6 45. a3 Rd6 46. cxd6 1-0

[Event "AUTO-INT-3707"]
[Site "http://www.queenalice.com/game.php?id=1771936"]
[Date "2021.10.11"]
[Round "1"]
[White "Danado"]
[Black "Dinda54"]
[Result "0-1"]
[WhiteElo "1514"]
[BlackElo "1771"]

1. e4 e5 2. h3 Nf6 3. Nc3 Bc5 4. Nf3 d6 5. Bc4 O-O 6. d4 exd4 7. Nxd4 h6 8. Be3
a6 9. Nf5 Nxe4 10. Nxe4 Bxf5 11. Nxc5 dxc5 12. Qxd8 Rxd8 13. c3 b5 14. Be2 Nd7
15. Rd1 Ne5 16. O-O Re8 17. Bxc5 Re6 18. Bd4 Nc6 19. Bg4 Bxg4 20. hxg4 Rg6 21.
f3 a5 22. a3 Rb8 23. Rfe1 a4 24. Bc5 Rg5 25. Be7 Rg6 26. Bh4 Kf8 27. Bf2 Rg5 28.
Bg3 Rc5 29. Bxc7 Kg8 30. Bxb8 Na5 31. Bg3 Nc4 32. b4 Rc8 33. Rd5 Nxa3 34. Be5
Re8 35. f4 f6 36. g5 Nc4 37. Rxb5 fxe5 38. fxe5 hxg5 39. Rd5 a3 40. e6 Re7 41.
Rd7 Re8 42. Re4 a2 43. Rd1 Ra8 44. Ra1 Na3 45. Rxa2 Kf8 46. c4 Rb8 47. Rxa3 Rxb4
48. Rd4 Ke7 49. c5 Rxd4 50. c6 Kd6 51. Rc3 Kc7 52. Kf2 Rd8 53. Kf3 Re8 54. Kg4
Rxe6 55. Kxg5 Rf6 56. g4 Rh6 57. Kf5 Rf6+ 58. Ke5 Rg6 59. Kd5 Rg5+ 60. Ke6 Rxg4
61. Kf5 Rg1 62. Ke6 g5 63. Kd5 Rd1+ 64. Kc5 Rd6 65. Kb5 g4 66. Rc1 g3 67. Rc3
Rg6 68. Kc5 g2 0-1

[Event "AUTO-INT-3707"]
[Site "http://www.queenalice.com/game.php?id=1771937"]
[Date "2021.10.11"]
[Round "1"]
[White "Dinda54"]
[Black "zmanomega"]
[Result "1-0"]
[WhiteElo "1767"]
[BlackElo "1469"]

1. e4 e5 2. Nf3 f6 3. c3 d5 4. Qa4+ Bd7 5. Qb3 Bc6 6. d3 dxe4 7. dxe4 Bxe4 8.
Nbd2 Bd5 9. c4 Be6 10. Qxb7 Nd7 11. Qc6 Ne7 12. Qa4 c6 13. c5 Nxc5 14. Qd1 g6
15. Be2 f5 16. Nxe5 Qc8 17. O-O Bg7 18. Nef3 h6 19. Qc2 Nb7 20. Ba6 Qc7 21. Re1
Bd5 22. Nh4 O-O-O 23. Nb3 g5 24. Nc5 gxh4 25. Bxb7+ Kb8 26. Na6+ Kxb7 27. Nxc7
Kxc7 28. Rxe7+ Kc8 29. Rxg7 f4 30. Qf5+ Kb8 31. Qxf4+ 1-0

[Event "AUTO-INT-3707"]
[Site "http://www.queenalice.com/game.php?id=1771938"]
[Date "2021.10.11"]
[Round "1"]
[White "zmanomega"]
[Black "Dinda54"]
[Result "0-1"]
[WhiteElo "1448"]
[BlackElo "1787"]

1. e4 e5 2. Bc4 Nf6 3. Qf3 Nc6 4. d3 Nd4 5. Qd1 h6 6. Nf3 b5 7. Bb3 Bc5 8. Nxd4
Bxd4 9. c3 Bc5 10. d4 exd4 11. cxd4 Bb4+ 12. Nc3 O-O 13. O-O Bb7 14. f3 Nh5 15.
Nxb5 a6 16. Nc3 Qh4 17. a3 Bd6 18. e5 Be7 19. Nd5 Rac8 20. Be3 Bxd5 21. Bxd5 c6
22. Bc4 Bg5 23. Bf2 Qf4 24. Bg3 Nxg3 25. hxg3 Qxg3 26. Bxa6 Be3+ 0-1

[Event "AUTO-INT-3707"]
[Site "http://www.queenalice.com/game.php?id=1771939"]
[Date "2021.10.11"]
[Round "1"]
[White "Dinda54"]
[Black "cavaliernoir"]
[Result "1-0"]
[WhiteElo "1781"]
[BlackElo "1536"]

1. e4 e5 2. Nf3 Nf6 3. d3 d6 4. h3 Be7 5. Be2 O-O 6. O-O c5 7. Nc3 a6 8. Bg5 Nc6
9. Bxf6 Bxf6 10. Nd5 b5 11. c3 a5 12. Qb3 Ba6 13. a4 b4 14. c4 Bg5 15. Nh2 Nd4
16. Qd1 Bb7 17. Bf3 h6 18. g3 Bc6 19. Bg4 Kh7 20. Nf3 Nxf3+ 21. Qxf3 Bb7 22. h4
Be7 23. Bf5+ g6 24. Bh3 f6 25. b3 Bc6 26. g4 Rg8 27. Kg2 Rg7 28. Ne3 Bd7 29. Rh1
Qf8 30. Rag1 Qf7 31. Nd5 Re8 32. Kf1 Bd8 33. Nb6 Be6 34. Nd5 Rf8 35. Ne3 Kg8 36.
Ke1 Re8 37. Qg3 Kf8 38. f4 h5 39. Rf1 Bc8 40. g5 Bb7 41. f5 Kg8 42. fxg6 Rxg6
43. Nf5 Qc7 44. Nh6+ Kh7 45. Bf5 Qg7 46. Bxg6+ Qxg6 47. Qh3 Re7 48. Rxf6 Qg7 49.
Qf5+ Kh8 50. Rf8+ Qxf8 51. Qxf8+ 1-0

[Event "AUTO-INT-3707"]
[Site "http://www.queenalice.com/game.php?id=1771940"]
[Date "2021.10.11"]
[Round "1"]
[White "cavaliernoir"]
[Black "Dinda54"]
[Result "0-1"]
[WhiteElo "1530"]
[BlackElo "1781"]

1. e4 d5 2. e5 d4 3. f4 a6 4. d3 Nh6 5. Na3 Bg4 6. Be2 Qd5 7. Bf3 Bxf3 8. Nxf3
e6 9. Nc4 Bb4+ 10. Bd2 b5 11. Na5 Bxd2+ 12. Qxd2 O-O 13. O-O-O Nd7 14. h3 Qxa2
15. c4 bxc4 16. Nxc4 Nc5 17. Qc2 Nb3+ 18. Qxb3 Qxb3 19. Nxd4 Qb7 20. Rhg1 Rfd8
21. Nf3 Nf5 22. d4 Ng3 23. Rde1 Qb4 24. Ncd2 Rab8 25. b3 Qc3+ 26. Kd1 Rd5 27. h4
Ra5 28. Nb1 Qd3+ 29. Nbd2 Ra1# 0-1

[Event "AUTO-ADV-4557"]
[Site "http://www.queenalice.com/game.php?id=1774322"]
[Date "2021.11.9"]
[Round "1"]
[White "askasl159"]
[Black "Dinda54"]
[Result "0-1"]
[WhiteElo "1593"]
[BlackElo "1833"]

1. e4 e6 2. Nf3 h6 3. Bc4 d5 4. exd5 exd5 5. Bb3 Nf6 6. Qe2+ Be7 7. O-O O-O 8.
d4 Ne4 9. Nbd2 Ng5 10. Nxg5 Bxg5 11. Nf3 Bxc1 12. Raxc1 Nc6 13. c4 dxc4 14. Bxc4
Re8 15. Qd2 a6 16. d5 Ne5 17. Nxe5 Rxe5 18. Rfe1 Rg5 19. Re3 Bf5 20. Re5 f6 21.
Re2 Qd6 22. f4 Rh5 23. Re3 Kh7 24. Qe2 Qxf4 25. g3 Qg5 26. Re1 Bg4 27. Qc2+ f5
28. Re5 Rf8 29. a4 Rd8 30. b4 c6 31. dxc6 bxc6 32. Bxa6 Rd2 33. Qc1 Rhxh2 0-1

[Event "AUTO-ADV-4557"]
[Site "http://www.queenalice.com/game.php?id=1774323"]
[Date "2021.11.9"]
[Round "1"]
[White "Dinda54"]
[Black "askasl159"]
[Result "1-0"]
[WhiteElo "1841"]
[BlackElo "1625"]

1. e4 e5 2. Nf3 d5 3. Nxe5 dxe4 4. c3 Bd6 5. Nxf7 Kxf7 6. Qb3+ Kf8 7. Qd5 Nf6 8.
Qb3 b6 9. Bc4 Bb7 10. O-O Qe7 11. d4 Ba6 12. Nd2 Bxc4 13. Qxc4 a5 14. Qa4 Nbd7
15. Qc6 Rd8 16. Re1 Nb8 17. Qb5 Kf7 18. Qc4+ Kf8 19. Nf1 c6 20. f3 h6 21. Nd2 b5
22. Qf1 e3 23. Nb3 Nd5 24. Re2 Re8 25. g3 a4 26. Nc5 Bxc5 27. dxc5 Kf7 28. Qh3
Qxc5 29. Qh5+ g6 30. Qh3 Re6 31. Kf1 Rhe8 32. Qxh6 Nf6 33. Qf4 Kg7 34. g4 Nd5
35. Qg3 g5 36. b4 axb3 37. axb3 Qxc3 38. Bb2 1-0

[Event "AUTO-ADV-4557"]
[Site "http://www.queenalice.com/game.php?id=1774334"]
[Date "2021.11.9"]
[Round "1"]
[White "DAlessandro"]
[Black "Dinda54"]
[Result "0-1"]
[WhiteElo "1834"]
[BlackElo "1831"]

1. c4 e6 2. d3 h6 3. Nf3 Bd6 4. Nc3 c6 5. e3 Nf6 6. e4 e5 7. a3 O-O 8. Be2 Bc5
9. O-O Qa5 10. Bd2 Qd8 11. b4 Bd4 12. Rc1 a5 13. Re1 b5 14. cxb5 axb4 15. axb4
Qb6 16. Nxd4 exd4 17. Na4 Qxb5 18. Nc5 d6 19. Nb3 Nbd7 20. Nxd4 Qb6 21. Rxc6
Qxd4 22. Bc3 Qa7 23. Rxd6 Qa3 24. Qd2 Ne8 25. Ra1 Qxa1+ 26. Bxa1 Rxa1+ 27. Bf1
Nxd6 28. Qe3 Nb5 29. d4 Ba6 0-1

[Event "AUTO-ADV-4557"]
[Site "http://www.queenalice.com/game.php?id=1774335"]
[Date "2021.11.9"]
[Round "1"]
[White "Dinda54"]
[Black "DAlessandro"]
[Result "0-1"]
[WhiteElo "1847"]
[BlackElo "1832"]

1. e4 c5 2. Bc4 Nc6 3. Qf3 e6 4. Bb3 Nd4 5. Qd3 Nc6 6. Nf3 d6 7. O-O Nf6 8. Ba4
Bd7 9. c3 Be7 10. Qc4 O-O 11. d4 Na5 12. Qd3 Bxa4 13. b3 Bc6 14. c4 Bxe4 15. Qe2
cxd4 16. Nxd4 Rc8 17. Nc3 Bg6 18. Be3 b6 19. Ndb5 a6 20. Na3 Re8 21. Na4 b5 22.
Nb6 Rb8 23. cxb5 axb5 24. Qd2 Nxb3 25. Qb2 Nc5 26. Rad1 Qxb6 27. Qb4 Nd5 28. Qb1
Bxb1 29. Rxb1 Qa5 30. Nc2 Nxe3 31. fxe3 Qxa2 32. Nb4 Qd2 33. Rf3 Nd3 34. Nc6
Rbc8 35. Nxe7+ Rxe7 36. Rff1 Qxe3+ 37. Kh1 Rc1 0-1

[Event "AUTO-ADV-4557"]
[Site "http://www.queenalice.com/game.php?id=1774340"]
[Date "2021.11.9"]
[Round "1"]
[White "Canaye"]
[Black "Dinda54"]
[Result "0-1"]
[WhiteElo "1765"]
[BlackElo "1797"]

1. d4 d6 2. c4 d5 3. Nc3 dxc4 4. e3 e6 5. Bxc4 h6 6. Nge2 Nf6 7. O-O Bd6 8. e4
O-O 9. e5 Ng4 10. exd6 Qxd6 11. h3 Qh2# 0-1

[Event "AUTO-ADV-4557"]
[Site "http://www.queenalice.com/game.php?id=1774341"]
[Date "2021.11.9"]
[Round "1"]
[White "Dinda54"]
[Black "Canaye"]
[Result "1-0"]
[WhiteElo "1812"]
[BlackElo "1787"]

1. d4 e6 2. Nf3 d5 3. Bf4 c5 4. dxc5 Bxc5 5. Be5 Nc6 6. Bxg7 Qb6 7. e3 Nge7 8.
Bxh8 Bd7 9. Bc3 O-O-O 10. Bf6 Rg8 11. b3 Nf5 12. Bd3 Rxg2 13. Bxf5 exf5 14. Bg5
f6 15. Bf4 Ne7 16. Nh4 Rg4 17. Nf3 Bb5 18. a3 Bxe3 19. Bxe3 Re4 20. Ng1 d4 21.
Nd2 dxe3 22. Nxe4 fxe4 23. fxe3 Qxe3+ 24. Ne2 Nd5 25. c4 Nc3 26. Qc2 Nxe2 27.
Qd2 Qf3 28. Rf1 Qh5 29. cxb5 Qxb5 30. Rc1+ 1-0

[Event "AUTO-ADV-4557"]
[Site "http://www.queenalice.com/game.php?id=1776890"]
[Date "2021.12.11"]
[Round "2"]
[White "Sigmund"]
[Black "Dinda54"]
[Result "1-0"]
[WhiteElo "1767"]
[BlackElo "1829"]

1. e4 e5 2. Nf3 Nc6 3. Bc4 h6 4. h3 Nf6 5. d3 Bd6 6. Nc3 O-O 7. O-O a6 8. a3 b5
9. Bb3 b4 10. axb4 Nxb4 11. Be3 a5 12. Qd2 Nh5 13. Bxh6 gxh6 14. Qxh6 Ng7 15.
Ng5 Qxg5 16. Qxg5 Be7 17. Qxe7 1-0

[Event "AUTO-ADV-4557"]
[Site "http://www.queenalice.com/game.php?id=1776891"]
[Date "2021.12.11"]
[Round "2"]
[White "Dinda54"]
[Black "Sigmund"]
[Result "0-1"]
[WhiteElo "1787"]
[BlackElo "1850"]

1. e4 e5 2. Nf3 d6 3. Nc3 Nc6 4. h3 Nf6 5. Bc4 Qe7 6. O-O Be6 7. Nd5 Bxd5 8.
Bxd5 Nxd5 9. exd5 Nd4 10. Nxd4 O-O-O 11. Nf3 Kb8 12. Re1 f5 13. d3 f4 14. Bxf4
h6 15. Be3 g5 16. Nh2 Bg7 17. c4 e4 18. Qa4 b6 19. dxe4 Bxb2 20. Rab1 Bg7 21.
Rb3 Ka8 22. Ra3 c5 23. Qc6+ Qb7 24. Qb5 Rd7 25. Rb1 Re8 26. f3 Bf6 0-1

[Event "AUTO-ADV-4557"]
[Site "http://www.queenalice.com/game.php?id=1776892"]
[Date "2021.12.11"]
[Round "2"]
[White "francisc059"]
[Black "Dinda54"]
[Result "1-0"]
[WhiteElo "2017"]
[BlackElo "1794"]

1. e4 e5 2. Nf3 Nc6 3. Bc4 h6 4. O-O Be7 5. d4 exd4 6. c3 d6 7. Nxd4 Nf6 8. Re1
O-O 9. Nd2 a6 10. N2f3 b5 11. Bb3 Bd7 12. h3 g5 13. Bxg5 hxg5 14. Nxg5 Ne5 15.
f4 Nc4 16. Bxc4 bxc4 17. Re3 Kh8 18. Qe1 Kg7 19. Qg3 Kh8 20. Qh4+ Kg7 21. Rg3
Ng4 22. Qh7+ Kf6 23. e5+ dxe5 24. Ne4# 1-0

[Event "AUTO-ADV-4557"]
[Site "http://www.queenalice.com/game.php?id=1776893"]
[Date "2021.12.11"]
[Round "2"]
[White "Dinda54"]
[Black "francisc059"]
[Result "0-1"]
[WhiteElo "1728"]
[BlackElo "1983"]

1. e4 e5 2. Nf3 Nc6 3. c3 Nf6 4. Bc4 Be7 5. Qb3 O-O 6. O-O Nxe4 7. d3 Nc5 8. Qc2
d5 9. d4 dxc4 10. dxc5 Bxc5 11. Ng5 g6 12. Qe4 Bf5 13. Qh4 h5 14. Qxc4 Be7 15.
Be3 Bxg5 16. Bc5 Be7 17. Be3 Qd3 18. Qxd3 Bxd3 19. Rd1 Bf5 20. b4 Rad8 21. Re1
Bxb1 22. Raxb1 a6 23. a4 b6 24. Bh6 Rfe8 25. b5 axb5 26. axb5 Na7 27. Rxe5 Bf6
0-1

[Event "AUTO-ADV-4568"]
[Site "http://www.queenalice.com/game.php?id=1777102"]
[Date "2021.12.13"]
[Round "1"]
[White "Becket"]
[Black "Dinda54"]
[Result "1-0"]
[WhiteElo "1777"]
[BlackElo "1811"]

1. d4 d5 2. e3 a6 3. Nf3 e6 4. c4 c6 5. cxd5 Qa5+ 6. Nc3 cxd5 7. Be2 Bb4 8. Bd2
Nf6 9. O-O O-O 10. Bd3 Bd6 11. Ne4 Qd8 12. Nxd6 Qxd6 13. a3 Ng4 14. g3 h6 15.
Bb4 Qd8 16. Bxf8 Kxf8 17. Qc2 Nc6 18. Qd1 f5 19. h3 Nf6 20. b4 Bd7 21. Ne5 Nxe5
22. dxe5 Nh7 23. f4 Be8 24. Be2 g6 25. Qd2 b5 26. Rac1 Bd7 27. Rc2 g5 28. Bh5
Kg7 29. g4 Be8 30. Bxe8 Qxe8 31. gxf5 Rd8 32. Qg2 exf5 33. h4 g4 34. Rc7+ Kh8
35. Qc2 Qh5 36. Rxh7+ Kxh7 37. Qc7+ Rd7 38. Qxd7+ Kg8 39. Rc1 1-0

[Event "AUTO-ADV-4568"]
[Site "http://www.queenalice.com/game.php?id=1777103"]
[Date "2021.12.13"]
[Round "1"]
[White "Dinda54"]
[Black "Becket"]
[Result "0-1"]
[WhiteElo "1848"]
[BlackElo "1774"]

1. e4 e5 2. Nf3 d6 3. h3 Be7 4. Bc4 Nf6 5. Bxf7+ Kxf7 6. c3 h6 7. Nh4 g5 8. Qb3+
d5 9. Nf3 Nc6 10. exd5 Qxd5 11. c4 Qe6 12. O-O Kg7 13. Qd1 Qxc4 14. d3 Qe6 15.
Nh2 Nd4 16. f3 Bc5 17. Be3 Nd5 18. Ng4 Nxe3 19. Nxe3 Nf5 0-1